Devrimin başına geçin! (Record no. 4784)

MARC details
000 -BAŞLIK
Sabit Uzunlukta Kontrol Alanı 00866na a2200277 4500
001 - KONTROL NUMARASI
Denetim Alanı 20044
003 - KONTROL NUMARASI IDENTIFIER
Denetim Alanı MIRAKIL
005 - SON İŞLEM TARİHİ VE ZAMANI
Denetim Alanı 20181213155018.0
008 - SABİT-BOY VERİ ELEMANLARI - GENEL BİLGİLER
Sabit Uzunlukta Kontrol Alanı 170102b tu 000 0
020 ## - ULUSLARARASI STANDART KİTAP NUMARASI
Uluslararası Standart Kitap Numarası 9757152862
040 ## - KATALOGLAMA KAYNAK
Orijinal Kataloglama Ajansı Milas
Kataloglama Dili tur
Metne Dönüştürmek Ajansı TR-AnCHP
041 ## - DİL KODU
Metin / Ses Parça Veya Ayrı Başlığın Dil Kodu tur
082 ## - DEWEY ONLU SINIFLANDIRMA NUMARASI
Sınıflandırma Numarası 650.1
Ürün Numarası H25d 2000
090 ## - SINIFLAMA NUMARASI
Sınıflama Numarası 650.1 H25d 2000
100 ## - ANA GİRİŞ - KİŞİSEL İSİM
Kişisel Ad Hamel, Gary
245 ## - BAŞLIK TABLOSU
Başlık Devrimin başına geçin!
Sorumluluk Tablosu, Vb Gary Hamel ; çeviren Nurettin Elhüseyni ; yayıma hazırlayan Zülfü Dicleli
260 ## - YAYIN, DAĞITIM, VB
Yayın, Dağıtım, Vb Yeri İstanbul
Yayıncı, Dağıtıcı, Vs Adı MESS (Türkiye Metal Sanayicileri Sendikası) Yayınları
Yayın, Dağıtım, Vb Tarihi 2000
300 ## - FİZİKSEL TANIM
Kapsam 371 s.
Diğer Fiziksel Ayrıntıları res.
Boyutlar 24 sm.
490 ## - SERİSİ TABLOSU
Seri Beyanı MESS Yayın
Hacim / Ardışık Tanımı 341
500 ## - GENEL NOT
Genel Not Yapıtın özgün adı: Leading the revolution
650 ## - KONU KATMA GİRİŞ - TOPİKAL DÖNEM
Topikal Süreli Veya Coğrafi Ad Giriş Elemanı Yönetim
Genel Alt Bölümü Başarı
650 ## - KONU KATMA GİRİŞ - TOPİKAL DÖNEM
Topikal Süreli Veya Coğrafi Ad Giriş Elemanı Yönetim
Genel Alt Bölümü İşletmeler
700 ## - KATMA GİRİŞ - KİŞİSEL İSİM
Kişisel Ad Dicleli, Zülfü
700 ## - KATMA GİRİŞ - KİŞİSEL İSİM
Kişisel Ad Elhüseyni, Nurettin
942 ## - EKLENDİ GİRİŞ ELEMANLARI (KOHA)
Sınıflandırma Veya Raf Düzeni Kaynak Dewey Decimal Classification
Koha Öğesi Türü Books
999 ## - SİSTEM KONTROL NUMARALARI (KOHA)
Koha Biblionumber 4784
Koha Biblioitemnumber 4784
Holdings
Kalıcı Konum Mevcut Konum Edinme Tarihi Edinim Kaynak Toplam Check-Out'Lar Tam Çağrı Numarası Barkod Tarih Son Görülme İtibaren Geçerli Fiyatlar Koha Öğesi Türü
CHP Kütüphanesi CHP Kütüphanesi 01/02/2017 Bağış   650.1 H25d 2000 010415 01/02/2017 01/02/2017 Books